Online Catalogue and eLibrary

Sinthanaiyalar Russo : (Record no. 4262)

MARC details
000 -LEADER
fixed length control field 00456nam a2200157Ia 4500
005 - DATE AND TIME OF LATEST TRANSACTION
control field 20250306042826.0
008 - FIXED-LENGTH DATA ELEMENTS--GENERAL INFORMATION
fixed length control field 240331s9999 xx 000 0 und d
082 ## - DDC Classification
Item Number - Author Mark KOM
DDC Edition Number 2607
Class No. 920
100 ## - MAIN ENTRY--PERSONAL NAME
Personal name Komethakavelu, M. K
245 #0 - TITLE STATEMENT
Title Sinthanaiyalar Russo :
Remainder of title Sinthanaiyalar Varisai - 4
250 ## - EDITION STATEMENT
Edition statement 5th Edition
260 ## - PUBLICATION, DISTRIBUTION, ETC.
Place of publication, distribution, etc. Chennai
Name of publisher, distributor, etc. Prema Pirasuram
Date of publication, distribution, etc. 1994
300 ## - PHYSICAL DESCRIPTION
Extent (e.g. Volumes, Pages etc.) 112 p.,
500 ## - GENERAL NOTE
General note Biography of Genevan philosopher, writer and composer
942 ## - Koha item type (Biblio)
Koha item type Books in Stacks (Lending)
Holdings
Lost status Damaged status Collection code Home library Current library Shelving location Date acquired Full call number Accession Number Item type
    Lending WERC Library WERC Library Social Science Cupboard 03/31/2024 920 KOM 2607 Books in Stacks (Lending)

© WERC Library